000
00330nam a2200133Ia 4500
008
210423s1982 xx 000 0 und d
041
_a
eng
082
_a
658.477 UNDS
100
_a
UNDRO
245
_a
Shelter after disater.
260
_a
New York
_b
United Nations
_c
1982
365
_c
INR
906
_a
after ; disater. ; Shelter
999
_c
174947
_d
174947